| 000 | 00375 a2200157 4500 | ||
|---|---|---|---|
| 001 | 156895 | ||
| 020 | _a9788508171729 | ||
| 040 | _cEscola São Tomás de Aquino | ||
| 100 | _aIACOCCA, Liliana | ||
| 240 | 1 | 0 |
_aMãe canguru, filho canguru _lpor |
| 245 | 1 | 0 | _aMãe canguru, filho canguru |
| 300 | _a16 p. | ||
| 362 | 0 | _a2015 | |
| 697 | _a*LITERATURA INFANTO | ||
| 942 | _cBK | ||
| 999 |
_c156895 _d156895 |
||